000 00721nam a2200229Ia 4500
003 GCL
008 140319s9999 xx 000 0 ara d
040 _aGCL /
_cGCL
082 0 4 _a361.2
_bف ت
100 1 _aفؤاد بسيونى متولى
245 1 0 _aالتربية ومشكلة التخطيط /
_cفؤاد بسيونى متولى
260 _a[S.N] :
_bدار المعرفة الجامعية ،
_c1990
300 _a129 ص
490 _aالمكتبة التربوية
_v0
650 0 4 _aالتعليم
650 0 4 _aالتربية
650 0 4 _aالتخطيط التربوى
650 0 4 _aالتخطيط
650 0 4 _aالاجتماع
650 0 4 _aالتخطيط الاجتماعى
942 _2ddc
_cBK
999 _c56020
_d56020